00945nam a22002297a 4500003000800000005001700008008004100025020001900066040002300085041000800108082002200116100001000138245011600148260005200264300003900316490009400355500004000449500008800489504002800577650001800605856009200623MIRAKIL20240320164841.0240320b tu ||||| |||| 00| 0 tur d a9789751632432  aTR-AnCHPcTR-AnCHP atur a819.12bH31d 2016 aHecri10aDivan :b(inceleme-metin-çeviri-dizin) /cHecri Kara Çelebi Muhyi'd-din Mehmed ; hazırlayan Ömer Zülfe aAnkara :bTürk Dil Kurumu Yayınları,c2016. a212, [36] s. :bfotoğ. ;c24 cm.0 aAtatürk Kültür, Dil ve Tarih Yüksek Kurumu Türk Dil Kurumu Yayınları ;v1197. aOsmanlıca tıpkı basım içerir  aŞairin gerçek adı Muhyiddin Mehmed, lakabı Kara Çelebi, mahlası Hecri'dir  aKaynakça: 11-13. ss.  0aDivan şiiri zDijital Nüshası için Partimizin Kütüphane Sorumlusu ile iletişime geçiniz.